Clash Royale Elixir Costs by Card - Statistics

General Stats
  • This quiz has been taken 4,112 times
  • The average score is 111 of 114
Answer Stats
Card Name Elixir Cost % Correct
archers | arrows | bandit | +24 others 3
99%
barbarian barrel | bats | bomber | +10 others 2
98%
electro spirit | fire spirit | heal spirit | +2 others 1
97%
baby dragon | battle healer | battle ram | +29 others 4
97%
archer queen | balloon | barbarians | +17 others 5
96%
barbarian hut | elite barbarians | elixir collector | +7 others 6
96%
electro giant | lava hound | mega knight | +2 others 7
95%
golem 8
95%
three musketeers 9
95%
No matching quizzes found
Score Distribution
Percent of People with Each Score
Percentile by Number Answered
Your Score History
You have not taken this quiz